The pleasures of cooking : 10 cookbooks in 1

Bibliographic Details
Format: Book
Published: Illinois : Louis Weber , 1993
Subjects:

MARC

LEADER 00000cam a2200000 7i4500
001 0000001629
002 000001777
005 20071201.0
020 |a 1561739006 
090 0 0 |a 641.5   |b PLE 
245 0 4 |a The pleasures of cooking :   |b 10 cookbooks in 1 
260 |a Illinois :   |b Louis Weber ,   |c 1993 
300 |a 608p. ;   |c 28cm. 
650 0 0 |a Cookery 
999 |a 034541   |b BUKU   |c RUJUKAN   |e PERPUSTAKAAN KOMUNITI PETALING JAYA